000 00360nam a2200133Ia 4500
008 151001s9999||||xx |||||||||||||| ||und||
100 _a मीरा
245 _aउन्हं पेटलीत तरी हि
250 _a1
260 _bअभिनंदन बुक डेपो
260 _c2008
300 _a138
365 _b18
999 _c995524
_d995521